书目信息 |
| 题名: |
秘书文案格式范例与处理规范
|
|
| 作者: | 丁晓楠 , 程默 主编 | |
| 分册: | ||
| 出版信息: | 2002.11 |
|
| 页数: | 442页 | |
| 开本: | 19cm | |
| 丛书名: | ||
| 单 册: | ||
| 中图分类: | H152.3 | |
| 科图分类: | ||
| 主题词: | 汉语--写作 , 汉语--修辞 | |
| 电子资源: | ||
| ISBN: | 7-80677-293-6 | |
| 000 | 00615nam0 2200205 45 | |
| 001 | 0355861267 | |
| 005 | 2003042515310126 | |
| 010 | @a7-80677-293-6@dRMB 25.00 | |
| 100 | @a20030425d2002 km y0chiy0120 ea | |
| 101 | 0 | @achi |
| 200 | 1 | @a秘书文案格式范例与处理规范@Ami shu wen an ge shi fan li yu chu li gui fan@f丁晓楠,程默主编@Fding xiao nan,cheng mo zhu bian |
| 210 | @d2002.11 | |
| 215 | @a442页@d19cm | |
| 606 | 0 | @a汉语@x写作 |
| 606 | 0 | @a汉语@x修辞 |
| 690 | @aH152.3@v4 | |
| 701 | 0 | @a丁晓楠@Ading xiao nan@4主编 |
| 701 | 0 | @a程默@Acheng mo@4主编 |
| 801 | 0 | @aCN@bPFT@c20030425 |
| 905 | @a10447@dH152.3@eD585 | |
| 秘书文案格式范例与处理规范/丁晓楠,程默主编.-2002.11 |
| 442页;19cm |
| ISBN 7-80677-293-6:RMB 25.00 |
| ● |
| 相关链接 |
|
|
|
正题名:秘书文案格式范例与处理规范
索取号:H152.3/D585
 
预约/预借
| 序号 | 登录号 | 条形码 | 馆藏地/架位号 | 状态 | 备注 |
| 1 | 366400 | 203664007 | 语言库209/209语言库 74排3列4层/ [索取号:H152.3/D585] | 在馆 |